[Event "Mittelfrankenliga 05/06 (B2a)"]
[Site "Mfr.2005/06-R3"]
[Date "2005.12.04"]
[Round "3.3"]
[White "Beck, Gerhard[46]"]
[Black "Ammon, Tobias"]
[Result "0-1"]
[WhiteElo "1935"]
[BlackElo "1735"]
[Annotator "Altensittenbach2-SF Fürth2"]
[PlyCount "80"]
[EventDate "2005.12.04"]
[SourceDate "2005.10.17"]

1. e4 Nf6 2. Nc3 d5 3. exd5 Nxd5 4. Bc4 Nb6 5. Bb3 Nc6 6. d3 Bf5 7. Qf3 e6 8.
Nge2 Be7 9. Bf4 O-O 10. h4 Bxh4 11. O-O-O Bg5 12. g4 Bg6 13. Rh3 Bxf4+ 14. Nxf4
Nd4 15. Qe3 Nxb3+ 16. axb3 Qg5 17. Kb1 Rfe8 18. Rdh1 h6 19. Qg3 c6 20. Nxg6
fxg6 21. Ne4 Qe7 22. f4 Nd5 23. f5 g5 24. Qe5 exf5 25. Qxe7 Nxe7 26. Nd6 Rf8
27. gxf5 Nxf5 28. Nxb7 g4 29. R3h2 Ng3 30. Rg1 Rf1+ 31. Rxf1 Nxf1 32. Rg2 h5
33. Nd6 Rf8 34. Kc1 Rf4 35. Ne4 h4 36. b4 h3 37. Rg1 h2 38. Rh1 Rxe4 39. Rxf1
Re2 40. Kd1 Rg2 0-1

[Event "Mittelfrankenliga 05/06 (B2a)"]
[Site "Mfr.2005/06-R3"]
[Date "2005.12.04"]
[Round "3.4"]
[White "Schoemig, Anton"]
[Black "Vinokur, Mykhaylo"]
[Result "1/2-1/2"]
[WhiteElo "1866"]
[BlackElo "1787"]
[Annotator "Altensittenbach2-SF Fürth2"]
[PlyCount "61"]
[EventDate "2005.12.04"]
[SourceDate "2005.10.17"]

1. e4 c6 2. d4 d5 3. exd5 cxd5 4. Bd3 Nc6 5. c3 e6 6. Nf3 Nf6 7. O-O Be7 8. Qc2
h6 9. h3 Qc7 10. Be3 Bd7 11. Nbd2 Rc8 12. Nb3 Nb4 13. Qd2 Nxd3 14. Qxd3 Ne4 15.
Rfc1 Nd6 16. Ne5 Nc4 17. Nxd7 Qxd7 18. Rc2 b6 19. Nd2 Nxd2 20. Qxd2 b5 21. Rcc1
a6 22. a3 Bd6 23. Rf1 O-O 24. Bf4 Bxf4 25. Qxf4 Rc4 26. Qe3 Rfc8 27. f4 Re8 28.
Rae1 Rcc8 29. Re2 Rcd8 30. Rfe1 Rf8 31. g4 1/2-1/2

[Event "Mittelfrankenliga 05/06 (B2a)"]
[Site "Mfr.2005/06-R3"]
[Date "2005.12.04"]
[Round "3.5"]
[White "Buchta, Juergen"]
[Black "Bayer, Willi"]
[Result "1/2-1/2"]
[WhiteElo "1763"]
[BlackElo "1610"]
[Annotator "Altensittenbach2-SF Fürth2"]
[PlyCount "54"]
[EventDate "2005.12.04"]
[SourceDate "2005.10.17"]

1. e4 c5 2. Nf3 d6 3. d4 cxd4 4. Nxd4 Nf6 5. Nc3 a6 6. Be2 e6 7. O-O Be7 8. Kh1
O-O 9. Be3 b5 10. a3 Bb7 11. f3 Nbd7 12. Na2 Rc8 13. c3 Nb6 14. Nb3 Nc4 15.
Bxc4 Rxc4 16. Nd2 Rc8 17. Rc1 Nd7 18. c4 bxc4 19. Nxc4 d5 20. exd5 Bxd5 21. Qa4
Bc5 22. Bf4 Bxc4 23. Qxc4 Qb6 24. Qe2 Nf6 25. b4 Bd6 26. Be3 Qb7 27. Rfd1 Nd5
1/2-1/2

[Event "Mittelfrankenliga 05/06 (B2a)"]
[Site "Mfr.2005/06-R3"]
[Date "2005.12.04"]
[Round "3.6"]
[White "Schwarm, Werner"]
[Black "Holzschuh, Tobias"]
[Result "1-0"]
[WhiteElo "1809"]
[BlackElo "1652"]
[Annotator "Altensittenbach2-SF Fürth2"]
[PlyCount "41"]
[EventDate "2005.12.04"]
[SourceDate "2005.10.17"]

1. e4 c5 2. Nc3 Nc6 3. g3 Nf6 4. Bg2 e6 5. Nge2 d5 6. exd5 exd5 7. d4 Be6 8.
O-O h6 9. Re1 Be7 10. Be3 c4 11. Nf4 Qd7 12. Nxe6 fxe6 13. Bf4 O-O 14. Bh3 Kf7
15. Bxe6+ Qxe6 16. Rxe6 Kxe6 17. Qe2+ Kd7 18. Re1 Rfe8 19. Qe6+ Kd8 20. Nxd5
Nxd5 21. Qxd5+ 1-0

[Event "Mittelfrankenliga 05/06 (B2a)"]
[Site "Mfr.2005/06-R3"]
[Date "2005.12.04"]
[Round "3.7"]
[White "Bruckner, Paul"]
[Black "Churt, Kerstin,Dr."]
[Result "0-1"]
[WhiteElo "1530"]
[BlackElo "1787"]
[Annotator "Altensittenbach2-SF Fürth2"]
[PlyCount "36"]
[EventDate "2005.12.04"]
[SourceDate "2005.10.17"]

1. e4 c5 2. Nf3 Nc6 3. d4 cxd4 4. Nxd4 e5 5. Nb3 Nf6 6. Nc3 d6 7. Be2 Be7 8.
Be3 O-O 9. O-O a6 10. Qd2 b5 11. g3 Bb7 12. f4 exf4 13. Bxf4 Ne5 14. Bd3 Nc4
15. Qc1 d5 16. exd5 Nxd5 17. Nxd5 Qxd5 18. Rf2 Bb4 0-1

[Event "Mittelfrankenliga 05/06 (B2a)"]
[Site "Mfr.2005/06-R3"]
[Date "2005.12.04"]
[Round "3.8"]
[White "Preisser, Reinhard"]
[Black "Grossner, Josef"]
[Result "1/2-1/2"]
[WhiteElo "1747"]
[BlackElo "1651"]
[Annotator "Altensittenbach2-SF Fürth2"]
[PlyCount "48"]
[EventDate "2005.12.04"]
[SourceDate "2005.10.17"]

1. e4 d6 2. d4 Nf6 3. Nc3 g6 4. Nf3 Bg7 5. Be2 O-O 6. O-O c5 7. dxc5 dxc5 8.
Qxd8 Rxd8 9. Be3 Nfd7 10. Nd5 Nc6 11. c3 e6 12. Nf4 b6 13. Rfd1 Bb7 14. Nd2
Nde5 15. f3 Rd7 16. Nc4 Rad8 17. Rxd7 Rxd7 18. Nxe5 Nxe5 19. Rd1 Rxd1+ 20. Bxd1
Nc4 21. Bc1 Bh6 22. b3 Na5 23. Ne2 Bxc1 24. Nxc1 Ba6 1/2-1/2

[Event "Mittelfrankenliga 05/06 (B2a)"]
[Site "Mfr.2005/06-R3"]
[Date "2005.12.04"]
[Round "3.1"]
[White "Krisin, Joachim"]
[Black "Seeger, Peter"]
[Result "1/2-1/2"]
[WhiteElo "1898"]
[BlackElo "2043"]
[Annotator "Eckental1-Siem.Erlangen1"]
[PlyCount "63"]
[EventDate "2005.12.04"]
[SourceDate "2005.10.17"]

1. b3 d5 2. f4 Bg4 3. Nf3 Nd7 4. Bb2 Ngf6 5. e3 c6 6. Be2 Bxf3 7. Bxf3 Qc7 8.
d4 e6 9. O-O Bd6 10. c4 O-O-O 11. Nc3 Kb8 12. Qc1 Rhg8 13. Ba3 g5 14. Bxd6 Qxd6
15. c5 Qe7 16. b4 gxf4 17. exf4 Ng4 18. b5 Qh4 19. Bxg4 Rxg4 20. Rf2 Qf6 21.
Qe3 cxb5 22. Nxb5 Nxc5 23. Qe5+ Qxe5 24. fxe5 Ne4 25. Rxf7 a6 26. Rb1 Rdg8 27.
g3 R4g7 28. Nd6 Nxd6 29. Rxg7 Rxg7 30. exd6 Rd7 31. Rf1 Rxd6 32. Rf7 1/2-1/2

[Event "Mittelfrankenliga 05/06 (B2a)"]
[Site "Mfr.2005/06-R3"]
[Date "2005.12.04"]
[Round "3.2"]
[White "Rohrbach, Frank"]
[Black "Guenther, Torsten"]
[Result "1/2-1/2"]
[WhiteElo "2079"]
[BlackElo "1978"]
[Annotator "Eckental1-Siem.Erlangen1"]
[PlyCount "98"]
[EventDate "2005.12.04"]
[SourceDate "2005.10.17"]

1. d4 d5 2. c4 c6 3. Nf3 Nf6 4. e3 e6 5. Nbd2 Bd6 6. Bd3 Nbd7 7. O-O e5 8. cxd5
cxd5 9. dxe5 Nxe5 10. Nxe5 Bxe5 11. Nf3 Bc7 12. Bd2 O-O 13. Qa4 Bg4 14. Ng5 Bd7
15. Qh4 h6 16. Nf3 Ne4 17. Bb4 Qxh4 18. Nxh4 Rfe8 19. Rfd1 Be6 20. Nf3 Red8 21.
Nd4 Bd6 22. Bxd6 Nxd6 23. Ne2 Rac8 24. b3 g5 25. f3 Bf5 26. Kf2 Be6 27. Rd2 Rc7
28. h4 Kg7 29. Ng3 g4 30. Rad1 Kf8 31. Nh5 Ke7 32. Nf4 gxf3 33. gxf3 Rg8 34.
Bh7 Rg7 35. Nxd5+ Bxd5 36. Rxd5 Rxh7 37. Rxd6 Rc2+ 38. Kg3 Rg7+ 39. Kf4 Rxa2
40. Rd7+ Ke8 41. b4 Rg6 42. Kf5 Kf8 43. Rxb7 Raa6 44. Rdd7 Rgf6+ 45. Kg4 Rg6+
46. Kh3 Ra1 47. Rd8+ Kg7 48. Rd2 Rh1+ 49. Rh2 Rhg1 1/2-1/2

[Event "Mittelfrankenliga 05/06 (B2a)"]
[Site "Mfr.2005/06-R3"]
[Date "2005.12.04"]
[Round "3.3"]
[White "Poelsterl, Hans"]
[Black "Reichenberger, Helmut,Dr."]
[Result "1-0"]
[WhiteElo "1863"]
[BlackElo "1837"]
[Annotator "Eckental1-Siem.Erlangen1"]
[PlyCount "143"]
[EventDate "2005.12.04"]
[SourceDate "2005.10.17"]

1. c4 e5 2. Nc3 f5 3. g3 c6 4. Bg2 Nf6 5. d3 Bc5 6. Nf3 e4 7. dxe4 fxe4 8. Nd4
d5 9. cxd5 cxd5 10. O-O O-O 11. Bg5 h6 12. Bxf6 Qxf6 13. Nxd5 Qe5 14. Nb3 Be6
15. Nf4 Bf7 16. Nxc5 Qxc5 17. Bxe4 Nc6 18. Rc1 Qb5 19. Bd5 Rad8 20. e4 Qxb2 21.
Rb1 Qf6 22. Rxb7 Kh8 23. Qa4 Ne5 24. Qb3 g5 25. Rxf7 Nxf7 26. Nh5 Qe7 27. Qc3+
Qe5 28. Qb3 Nd6 29. Qa4 a5 30. f4 gxf4 31. Nxf4 Rf6 32. Qxa5 Qd4+ 33. Kg2 Rb8
34. Qe1 Rb4 35. Ne2 Rxf1 36. Qxf1 Qg7 37. Qf4 Ne8 38. Bb3 Nf6 39. Nc3 Qf8 40.
Nd5 Rxe4 41. Qxf6+ Qxf6 42. Nxf6 Rd4 43. h4 Kg7 44. Nh5+ Kf8 45. Nf4 Rb4 46.
Kf3 Rb6 47. Kg4 Kg7 48. Be6 Ra6 49. Bb3 Ra5 50. Ne6+ Kf6 51. Kf4 Rf5+ 52. Ke4
Re5+ 53. Kd4 Ra5 54. g4 Re5 55. Bd5 Re2 56. a4 Rd2+ 57. Kc5 Ke5 58. Bc4 Rh2 59.
Nf8 Kf6 60. h5 Rg2 61. Nd7+ Ke7 62. Ne5 Kf6 63. Kd6 Rd2+ 64. Bd5 Rd4 65. a5 Ra4
66. Nc6 Rxg4 67. a6 Ra4 68. a7 Kg5 69. Bf7 Kf6 70. Bg6 Ra2 71. Kc7 Ra4 72. Kb7
1-0

[Event "Mittelfrankenliga 05/06 (B2a)"]
[Site "Mfr.2005/06-R3"]
[Date "2005.12.04"]
[Round "3.4"]
[White "Theimer, Matthias"]
[Black "Mueller, Stefan[65]"]
[Result "0-1"]
[WhiteElo "1748"]
[BlackElo "1967"]
[Annotator "Eckental1-Siem.Erlangen1"]
[PlyCount "105"]
[EventDate "2005.12.04"]
[SourceDate "2005.10.17"]

1. c4 e5 2. Nc3 d6 3. g3 c6 4. Bg2 Be6 5. b3 Nd7 6. d3 Rc8 7. f4 Qa5 8. Qc2
Ndf6 9. h3 Nh5 10. Bd2 Qb6 11. Na4 Qa6 12. f5 Bxf5 13. g4 Ng3 14. gxf5 Nxh1 15.
Bxh1 b5 16. Nc3 bxc4 17. bxc4 Be7 18. Rb1 g6 19. fxg6 hxg6 20. Qa4 Qxa4 21.
Nxa4 Rh4 22. Rb7 d5 23. Nb2 Bc5 24. e3 Nf6 25. Bg2 e4 26. d4 Bd6 27. c5 Bg3+
28. Kf1 Rb8 29. Rxb8+ Bxb8 30. Ne2 Rh6 31. Be1 Nh5 32. Nd1 g5 33. Nf2 f5 34.
Nh1 f4 35. exf4 gxf4 36. Kf2 f3 37. Bxf3 exf3 38. Kxf3 Ng7 39. h4 Nf5 40. Kg4
Ne3+ 41. Kg5 Rh8 42. Nhg3 Ng2 43. Nf5 Nxe1 44. h5 Kf7 45. Nh6+ Ke6 46. Ng1 Bc7
47. Nh3 Nf3+ 48. Kg6 Nxd4 49. Ng5+ Ke7 50. Ngf7 Rf8 51. Kg7 Ne6+ 52. Kg6 Nf4+
53. Kg7 0-1

[Event "Mittelfrankenliga 05/06 (B2a)"]
[Site "Mfr.2005/06-R3"]
[Date "2005.12.04"]
[Round "3.5"]
[White "Weh, Peter"]
[Black "Bauer, Klaus[66]"]
[Result "1-0"]
[WhiteElo "1839"]
[BlackElo "1798"]
[Annotator "Eckental1-Siem.Erlangen1"]
[PlyCount "77"]
[EventDate "2005.12.04"]
[SourceDate "2005.10.17"]

1. c4 e5 2. Nc3 d6 3. g3 c6 4. Bg2 Nf6 5. d3 Be7 6. e4 Na6 7. Nge2 O-O 8. O-O
Bd7 9. h3 Rb8 10. Be3 b6 11. f4 exf4 12. gxf4 Nc7 13. Ng3 a6 14. Qf3 b5 15. b3
b4 16. Nce2 Qc8 17. Kh2 c5 18. Rg1 Bc6 19. Raf1 Qb7 20. Nf5 Nce8 21. Neg3 a5
22. Bh1 Kh8 23. Ne2 Rg8 24. Bc1 a4 25. Bb2 axb3 26. axb3 Ra8 27. Nc1 Bf8 28.
Ne3 Ra7 29. Nd5 Nxd5 30. exd5 Bd7 31. Qh5 f5 32. Re1 Qc8 33. Re3 Qd8 34. Rge1
Ra8 35. Bf3 Nf6 36. Qg5 Rb8 37. Bh5 h6 38. Qg6 Nxh5 39. Qxh6# 1-0

[Event "Mittelfrankenliga 05/06 (B2a)"]
[Site "Mfr.2005/06-R3"]
[Date "2005.12.04"]
[Round "3.6"]
[White "Collin, Klaus"]
[Black "Fainberg, Jakob"]
[Result "0-1"]
[WhiteElo "1856"]
[BlackElo "1961"]
[Annotator "Eckental1-Siem.Erlangen1"]
[PlyCount "100"]
[EventDate "2005.12.04"]
[SourceDate "2005.10.17"]

1. d4 d5 2. c4 Nf6 3. Nc3 e6 4. Bg5 Be7 5. e3 O-O 6. Nf3 h6 7. Bh4 b6 8. cxd5
exd5 9. Bd3 Bb7 10. O-O Nbd7 11. Rc1 c5 12. Re1 Rc8 13. Bf5 g6 14. Bd3 Kg7 15.
h3 a6 16. Bg3 Ne4 17. Bh2 b5 18. Ne2 c4 19. Bxe4 dxe4 20. Nd2 f5 21. b3 cxb3
22. Qxb3 Rf6 23. Nf4 Qg8 24. Qxg8+ Kxg8 25. Rxc8+ Bxc8 26. Rc1 Nb6 27. Nb3 Be6
28. Rc6 Bxb3 29. Rxf6 Bxf6 30. axb3 g5 31. Ne6 Nd5 32. Bd6 Kf7 33. Nc7 Nxc7 34.
Bxc7 Ke7 35. Kf1 Kd7 36. Ba5 Bd8 37. Bc3 a5 38. Ke1 Kc6 39. Kd2 Kd5 40. Kc2 g4
41. Bd2 h5 42. Bc3 h4 43. Bd2 a4 44. Bc1 Ba5 45. bxa4 bxa4 46. Bd2 Bc7 47. Bb4
g3 48. Be1 Ba5 49. fxg3 Bxe1 50. gxh4 Bxh4 0-1

[Event "Mittelfrankenliga 05/06 (B2a)"]
[Site "Mfr.2005/06-R3"]
[Date "2005.12.04"]
[Round "3.7"]
[White "Ziegler, Ronald"]
[Black "Laibold, Lorenz"]
[Result "1-0"]
[WhiteElo "1876"]
[BlackElo "1739"]
[Annotator "Eckental1-Siem.Erlangen1"]
[PlyCount "79"]
[EventDate "2005.12.04"]
[SourceDate "2005.10.17"]

1. e4 c5 2. Nf3 d6 3. d4 cxd4 4. Nxd4 Nf6 5. Nc3 a6 6. Be2 b5 7. a3 Bb7 8. f3
Nbd7 9. Be3 e6 10. Qd2 Be7 11. O-O-O d5 12. exd5 Nxd5 13. Nxd5 Bxd5 14. g3 Rc8
15. Rhf1 Nc5 16. Kb1 Na4 17. f4 Bxa3 18. Nxb5 Bxb2 19. Qb4 Nc3+ 20. Kxb2 axb5
21. Bxb5+ Nxb5 22. Qxb5+ Kf8 23. Qd3 Qa5 24. f5 Qb4+ 25. Kc1 Be4 26. Bc5+ Qxc5
27. Qxe4 Qa3+ 28. Kd2 Qc3+ 29. Kc1 Ke7 30. fxe6 Qa3+ 31. Kd2 Rhd8+ 32. Ke2 Qa6+
33. Kf2 Rc4 34. Qxh7 Qb6+ 35. Kg2 Qc6+ 36. Kg1 Qc5+ 37. Kg2 Rxc2+ 38. Kh3 Qc8
39. Rxf7+ Kxe6 40. Qf5# 1-0

[Event "Mittelfrankenliga 05/06 (B2a)"]
[Site "Mfr.2005/06-R3"]
[Date "2005.12.04"]
[Round "3.8"]
[White "Hager, Lothar"]
[Black "Neulaendtner, Josef"]
[Result "1/2-1/2"]
[WhiteElo "1540"]
[BlackElo "1770"]
[Annotator "Eckental1-Siem.Erlangen1"]
[PlyCount "41"]
[EventDate "2005.12.04"]
[SourceDate "2005.10.17"]

1. Nf3 e6 2. g3 d5 3. Bg2 Nf6 4. O-O Be7 5. d3 O-O 6. Nbd2 Nbd7 7. e4 dxe4 8.
dxe4 c6 9. Qe2 e5 10. b3 Qc7 11. Bb2 b5 12. Rfe1 Bc5 13. h3 a5 14. Nf1 Ba6 15.
Qd2 Rad8 16. Qg5 Qb6 17. Nxe5 Bxf2+ 18. Kh1 h6 19. Nxd7 Rxd7 20. Qf5 Bxe1 21.
Bxf6 1/2-1/2

[Event "Mittelfrankenliga 05/06 (B2a)"]
[Site "Mfr.2005/06-R3"]
[Date "2005.12.04"]
[Round "3.1"]
[White "Regnat, Markus"]
[Black "Kuhlmann, Christoph,Dr."]
[Result "0-1"]
[WhiteElo "2061"]
[BlackElo "2097"]
[Annotator "Lauf1-Neumarkt1"]
[PlyCount "52"]
[EventDate "2005.12.04"]
[SourceDate "2005.10.17"]

1. e4 c5 2. Nc3 a6 3. f4 e6 4. Nf3 d5 5. d3 dxe4 6. dxe4 Qxd1+ 7. Nxd1 b5 8.
Be3 Bb7 9. Nf2 Nf6 10. Nd2 Nbd7 11. c4 bxc4 12. Bxc4 e5 13. O-O Bd6 14. f5 h5
15. Rad1 Be7 16. Bg5 Nb6 17. Rfe1 Rd8 18. Nd3 Nxc4 19. Nxc4 Rd4 20. Ndxe5 Rxd1
21. Rxd1 Bxe4 22. Re1 Bxf5 23. Nd6+ Bxd6 24. Ng6+ Ne4 25. Nxh8 Kf8 26. h3 Nxg5
0-1

[Event "Mittelfrankenliga 05/06 (B2a)"]
[Site "Mfr.2005/06-R3"]
[Date "2005.12.04"]
[Round "3.2"]
[White "Hauernherm-Thoma, Wolfgang"]
[Black "Simon, Martin"]
[Result "1-0"]
[WhiteElo "2071"]
[BlackElo "1916"]
[Annotator "Lauf1-Neumarkt1"]
[PlyCount "149"]
[EventDate "2005.12.04"]
[SourceDate "2005.10.17"]

1. d4 e6 2. Nf3 Nf6 3. Bg5 Be7 4. e3 b6 5. Bd3 Bb7 6. Nbd2 d5 7. Qe2 O-O 8. O-O
Nbd7 9. Rad1 c5 10. c3 Qc7 11. Bf4 Bd6 12. Bxd6 Qxd6 13. e4 c4 14. Bb1 Nxe4 15.
Nxe4 dxe4 16. Bxe4 Bxe4 17. Qxe4 Nf6 18. Qh4 Rfd8 19. Ne5 Rac8 20. Rde1 Qe7 21.
f4 Nd5 22. Qh3 f6 23. Ng4 Rc6 24. Ne3 Qf7 25. Qf3 Qd7 26. Re2 Nxe3 27. Rxe3 Qd5
28. Qh3 Rcd6 29. Rfe1 f5 30. Re5 Qc6 31. Qe3 Kf7 32. d5 Rxd5 33. Rxe6 Qc5 34.
Re7+ Kf8 35. Rxa7 Qxe3+ 36. Rxe3 Rd2 37. Ree7 Rxb2 38. Rf7+ Kg8 39. Rxg7+ Kf8
40. h4 Rxa2 41. Raf7+ Ke8 42. Rxf5 Rd1+ 43. Kh2 Rd7 44. Re5+ Kd8 45. Rxd7+ Kxd7
46. Kg3 Ra3 47. Re3 b5 48. Kf3 Rb3 49. Ke4 Rb2 50. g3 Rd2 51. f5 Ke7 52. g4 Rh2
53. h5 Kf6 54. Kf4 Rf2+ 55. Rf3 Rg2 56. h6 Rg1 57. Rf2 Rc1 58. g5+ Kf7 59. Rf3
b4 60. cxb4 c3 61. b5 c2 62. Rf2 Rb1 63. Rxc2 Rb4+ 64. Ke3 Rxb5 65. Rc7+ Kg8
66. Ke4 Ra5 67. Rg7+ Kh8 68. Rd7 Kg8 69. g6 hxg6 70. fxg6 Ra4+ 71. Ke5 Ra5+ 72.
Ke6 Ra6+ 73. Rd6 Ra8 74. Ke7 Ra7+ 75. Rd7 1-0

[Event "Mittelfrankenliga 05/06 (B2a)"]
[Site "Mfr.2005/06-R3"]
[Date "2005.12.04"]
[Round "3.3"]
[White "Weidenhoefer, Martin"]
[Black "Puschak, Oliver"]
[Result "1-0"]
[WhiteElo "1910"]
[BlackElo "1918"]
[Annotator "Lauf1-Neumarkt1"]
[PlyCount "53"]
[EventDate "2005.12.04"]
[SourceDate "2005.10.17"]

1. e4 e6 2. d4 d5 3. Nd2 dxe4 4. Nxe4 Bd7 5. Nf3 Bc6 6. Bd3 Nf6 7. Bg5 Be7 8.
Bxf6 Bxf6 9. c3 Nd7 10. Qe2 O-O 11. O-O Re8 12. Nxf6+ Nxf6 13. Ne5 Qd5 14. Nxc6
Qxc6 15. Bb5 Qd5 16. Bxe8 Rxe8 17. Qe5 Qc4 18. a4 a6 19. Rfe1 Qb3 20. Qxc7 Nd5
21. Qc5 Nf4 22. Qf5 Ng6 23. Qf3 Rd8 24. g3 Rxd4 25. Ra3 Ne5 26. Qe3 Qd5 27.
Qxe5 1-0

[Event "Mittelfrankenliga 05/06 (B2a)"]
[Site "Mfr.2005/06-R3"]
[Date "2005.12.04"]
[Round "3.4"]
[White "Petersammer, Georg"]
[Black "Kipferl, Wolfgang,Dr."]
[Result "0-1"]
[WhiteElo "1970"]
[BlackElo "1832"]
[Annotator "Lauf1-Neumarkt1"]
[PlyCount "85"]
[EventDate "2005.12.04"]
[SourceDate "2005.10.17"]

1. d4 g6 2. Nf3 Bg7 3. e4 d6 4. c3 Nc6 5. Bc4 Na5 6. Bd3 Bd7 7. d5 c5 8. Qe2 a6
9. a4 Nb3 10. Bf4 Nxa1 11. Qd1 Qa5 12. O-O b5 13. Na3 c4 14. Be2 Nb3 15. e5
dxe5 16. Nxe5 Nf6 17. Bf3 Rd8 18. Qe2 O-O 19. h4 Nc5 20. g4 Nd3 21. Bg3 Nxe5
22. Bxe5 Bc8 23. h5 Nxd5 24. Bxg7 Kxg7 25. Qe5+ f6 26. h6+ Kxh6 27. Qh2+ Kg7
28. Kg2 Qc7 29. Qh4 g5 30. Qh1 Nf4+ 31. Kg1 Bb7 32. Re1 Bxf3 33. Qxf3 Rd5 34.
Nc2 Re5 35. Ne3 e6 36. axb5 axb5 37. Ra1 Rd8 38. Kf1 Rd2 39. Qa8 Rd7 40. Ra6
Qb7 41. Qxb7 Rxb7 42. Ra8 Rd7 43. Ra6 0-1

[Event "Mittelfrankenliga 05/06 (B2a)"]
[Site "Mfr.2005/06-R3"]
[Date "2005.12.04"]
[Round "3.5"]
[White "Niebler, Andreas"]
[Black "Zach, Andreas[59]"]
[Result "0-1"]
[WhiteElo "1826"]
[BlackElo "1879"]
[Annotator "Lauf1-Neumarkt1"]
[PlyCount "129"]
[EventDate "2005.12.04"]
[SourceDate "2005.10.17"]

1. d4 d5 2. c4 e6 3. e3 Nf6 4. Nc3 Be7 5. Nf3 O-O 6. Be2 a6 7. b3 b6 8. Bb2 Bb7
9. O-O Nbd7 10. cxd5 exd5 11. Ne5 Nxe5 12. dxe5 Ne4 13. Qc2 Nc5 14. Rad1 c6 15.
Bf3 Nd7 16. Ne2 Qb8 17. Qf5 Nc5 18. Ng3 Qe8 19. e4 Bc8 20. Qf4 Ne6 21. Qe3 Bg5
22. Qxb6 Bd8 23. Qe3 Bg5 24. Qe1 d4 25. Nf5 c5 26. Nd6 Qe7 27. g3 Bd7 28. Qa5
Bb5 29. Rfe1 Qd7 30. Be2 Rfb8 31. f4 Bd8 32. Qd2 Be7 33. Nc4 Qb7 34. Bf3 Bxc4
35. Bc1 Bb5 36. Qg2 Bc6 37. h4 d3 38. Be3 Nd4 39. Bxd4 cxd4 40. Rxd3 Bb4 41.
Rdd1 Bb5 42. e6 Ra7 43. exf7+ Qxf7 44. e5 Qe7 45. Re2 Bxe2 46. Bxe2 Rd8 47. Bd3
a5 48. Qe4 g6 49. Kf2 Rc7 50. h5 g5 51. f5 Rc3 52. f6 Qc7 53. Qf5 Rxd3 54. Rxd3
Kh8 55. f7 Be7 56. e6 Qc2+ 57. Kf3 Qc6+ 58. Kf2 Qc5 59. Qe4 Qd5 60. Qg4 h6 61.
Rf3 d3 62. Rf5 Bc5+ 63. Ke1 d2+ 64. Kd1 Qh1+ 65. Kc2 0-1

[Event "Mittelfrankenliga 05/06 (B2a)"]
[Site "Mfr.2005/06-R3"]
[Date "2005.12.04"]
[Round "3.6"]
[White "Winkler, Marcus[78]"]
[Black "Moesl, Sebastian"]
[Result "1-0"]
[WhiteElo "1812"]
[BlackElo "1793"]
[Annotator "Lauf1-Neumarkt1"]
[PlyCount "119"]
[EventDate "2005.12.04"]
[SourceDate "2005.10.17"]

1. c4 d6 2. Nc3 Nf6 3. Nf3 g6 4. g3 Bg7 5. Bg2 c6 6. O-O O-O 7. d4 Nbd7 8. Re1
a6 9. b3 Qc7 10. Bb2 e5 11. d5 c5 12. Qc2 Ne8 13. Rad1 h6 14. Bc1 Nb6 15. Nh4
g5 16. Nf5 Bxf5 17. Qxf5 Qd7 18. Bh3 Qxf5 19. Bxf5 Nc8 20. g4 Nc7 21. Bd3 Ne7
22. Kg2 f5 23. gxf5 Nxf5 24. Bxf5 Rxf5 25. Ne4 Rd8 26. Rh1 Ne8 27. Rdf1 Rf7 28.
h4 gxh4 29. Rxh4 Nf6 30. Rfh1 Nxe4 31. Rxe4 Rdf8 32. f3 Rf6 33. Rg4 Kh7 34. Bg5
Rg6 35. Be7 Rxg4+ 36. fxg4 Rf4 37. g5 Kg6 38. gxh6 Bxh6 39. Bxd6 Re4 40. Kf1
Be3 41. Bc7 b5 42. cxb5 axb5 43. Rh3 Bg5 44. d6 c4 45. Rg3 Rd4 46. Bd8 Rxd6 47.
Bxg5 Rd1+ 48. Kf2 Ra1 49. Bd8+ Kf7 50. bxc4 bxc4 51. a3 Ke6 52. Ba5 Kd5 53. Bb4
Ra2 54. Rc3 Kd4 55. Rc1 Kd5 56. Ke3 Rb2 57. Rd1+ Kc6 58. Rd2 Rb3+ 59. Ke4 c3
60. Rc2 1-0

[Event "Mittelfrankenliga 05/06 (B2a)"]
[Site "Mfr.2005/06-R3"]
[Date "2005.12.04"]
[Round "3.7"]
[White "Runde, Eduard"]
[Black "Breitenbach, Albert"]
[Result "0-1"]
[WhiteElo "1614"]
[BlackElo "1804"]
[Annotator "Lauf1-Neumarkt1"]
[PlyCount "54"]
[EventDate "2005.12.04"]
[SourceDate "2005.10.17"]

1. e4 c6 2. d4 d5 3. e5 c5 4. c4 cxd4 5. Qxd4 Nc6 6. Qf4 e6 7. Nf3 Nge7 8. Ng5
Nxe5 9. Nxe6 Bxe6 10. Qxe5 Nc6 11. Qe3 Bb4+ 12. Bd2 O-O 13. a3 Re8 14. Be2 Bg4
15. Qf4 Bxd2+ 16. Nxd2 Bxe2 17. f3 dxc4 18. Ne4 Bd3 19. Rd1 Qb6 20. Rd2 Nd4 21.
Kd1 Qb3+ 22. Ke1 Qb6 23. Kd1 c3 24. Nxc3 Qb3+ 25. Kc1 Ne2+ 26. Nxe2 Rxe2 27.
Rhd1 Rc8+ 0-1

[Event "Mittelfrankenliga 05/06 (B2a)"]
[Site "Mfr.2005/06-R3"]
[Date "2005.12.04"]
[Round "3.8"]
[White "Hartmann, Rainer"]
[Black "Schlor, Michael"]
[Result "0-1"]
[WhiteElo "1805"]
[BlackElo "1756"]
[Annotator "Lauf1-Neumarkt1"]
[PlyCount "48"]
[EventDate "2005.12.04"]
[SourceDate "2005.10.17"]

1. e4 e5 2. Nf3 Nf6 3. Nc3 Nc6 4. Bb5 Bc5 5. O-O d6 6. d3 O-O 7. Ne2 Bg4 8. Ng3
Nd4 9. c3 Nxb5 10. Bg5 c6 11. h3 Bxf3 12. Qxf3 h6 13. Bxf6 Qxf6 14. Qxf6 gxf6
15. a4 Nxc3 16. bxc3 d5 17. Nf5 dxe4 18. dxe4 Kh7 19. Rfd1 Rad8 20. Kf1 Kg6 21.
f3 b5 22. axb5 cxb5 23. Rd5 Rxd5 24. exd5 Kxf5 0-1

[Event "Mittelfrankenliga 05/06 (B2a)"]
[Site "Mfr.2005/06-R3"]
[Date "2005.12.04"]
[Round "3.1"]
[White "Goetz, Dieter[65]"]
[Black "Lausen, Berthold,Dr."]
[Result "1-0"]
[WhiteElo "1872"]
[BlackElo "1960"]
[Annotator "SG/TB Erlangen2-Nbg.1911/2"]
[PlyCount "73"]
[EventDate "2005.12.04"]
[SourceDate "2005.10.17"]

1. c4 Nf6 2. Nc3 c6 3. e4 e5 4. Nf3 d6 5. g3 Bg4 6. Bg2 Nbd7 7. O-O Be7 8. d3
O-O 9. h3 Bh5 10. g4 Bg6 11. Be3 Qa5 12. Nd2 Nc5 13. Nb3 Nxb3 14. Qxb3 Qc7 15.
Rac1 Nd7 16. Qc2 Nc5 17. Ne2 Ne6 18. Qd2 Qd7 19. Ng3 h6 20. Nf5 Bg5 21. h4 Bf4
22. d4 Bxe3 23. fxe3 Rfd8 24. d5 cxd5 25. exd5 Nc7 26. e4 b6 27. g5 Bxf5 28.
Rxf5 hxg5 29. Qxg5 Ne8 30. Bh3 Kf8 31. Rcf1 f6 32. Rxf6+ gxf6 33. Bxd7 Rxd7 34.
Qh6+ Ke7 35. Qh8 Rdd8 36. Qh7+ Kf8 37. Kh2 1-0

[Event "Mittelfrankenliga 05/06 (B2a)"]
[Site "Mfr.2005/06-R3"]
[Date "2005.12.04"]
[Round "3.2"]
[White "Weiss, Markus[86]"]
[Black "Hannweber, Markus"]
[Result "1/2-1/2"]
[WhiteElo "1921"]
[BlackElo "1853"]
[Annotator "SG/TB Erlangen2-Nbg.1911/2"]
[PlyCount "122"]
[EventDate "2005.12.04"]
[SourceDate "2005.10.17"]

1. d4 Nf6 2. c4 g6 3. Nc3 Bg7 4. e4 d6 5. f4 O-O 6. Nf3 c5 7. d5 Bg4 8. Be2
Nbd7 9. O-O a6 10. a4 Qc7 11. Be3 Rae8 12. h3 Bxf3 13. Bxf3 h6 14. Qd2 Kh7 15.
Rad1 Nb6 16. b3 Nbd7 17. Ne2 Ng8 18. g4 Rb8 19. h4 b5 20. axb5 axb5 21. Rb1
bxc4 22. bxc4 Rxb1 23. Rxb1 Rb8 24. Qc2 Rxb1+ 25. Qxb1 Qb6 26. Qd3 Qb4 27. Bd2
Qa4 28. Nc1 Nb6 29. Be2 Qa1 30. Kg2 Qd4 31. Nb3 Qxd3 32. Bxd3 Nf6 33. Kf3 Kg8
34. Na5 Nfd7 35. Nc6 Kf8 36. Be3 Na4 37. Be2 Nc3 38. Bf1 Na4 39. Bd2 Bc3 40.
Bxc3 Nxc3 41. e5 Na4 42. h5 gxh5 43. gxh5 Nab6 44. Ke4 Nc8 45. Kf5 Kg7 46. Nd8
Ndb6 47. Bd3 Na4 48. Nc6 Nb2 49. Be2 Na4 50. Kg4 Kf8 51. Kf3 Nc3 52. Bd3 Na4
53. Ke4 Nb2 54. Be2 Na4 55. Bf1 Nab6 56. Bh3 f6 57. Bxc8 Nxc8 58. Kf5 Kf7 59.
Nd8+ Ke8 60. exf6 exf6 61. Nb7 Kf7 1/2-1/2